01054 2200253 4500001002100000005001500021035002000036007000300056008004100059020001800100082001300118084001900131100003200150245005300182250002000235300002500255650002000280520037900300264003100679336002100710337003000731338002300761990001600784INLIS00000000000075120260512100154 a0010-0526000207ta260512 e f ind  a9786022517399 a899.2213 a899.2213 VAL y0 aValerie AurelliaePengarang1 aYou, me, & 1000 paper cranes /cValerie Aurellia aCetakan pertama a151 halaman ;c19 cm 4aFiksi Indonesia aNovel ini mengisahkan hubungan persahabatan dan perjalanan emosional tokoh-tokohnya dalam menghadapi berbagai persoalan kehidupan dan perasaan. Simbol seribu burung kertas menjadi lambang harapan, ketulusan, dan impian yang menyertai perjalanan cerita. Dengan gaya bahasa yang ringan dan emosional, buku ini menghadirkan kisah remaja yang dekat dengan kehidupan sehari-hari. aJakarta :bGrasindo,c2014 2rdacontentateks 2rdamediaatanpa perantara 2rdacarrieravolume aPP001446/19